00318nam a2200121Ia 4500008004100000040001700041041001200058082001600070100002800086245004200114260002700156300001300183230917s9999||||xx |||||||||||||| ||und|| e139755aMAIN aEnglish a370.06 R18W aRao, Digumarti Bhaskara 0aWorld Conference on education for all aNew DelhibA P Hc2002 a379p. p.